LEADER 00900nam a2200229 i 4500 001 000000197371 003 CaOOAMICUS 005 20110210000000.0 008 110210s1968 it u000 u ita u 013 $a176058 040 $aSeMil$bita 100 1 $aFerrua, Antonio .$0(OLS)http://semarc/name/17997 245 10$aS. Sebastiano F. L. M. e la sua catacomba /$cAntonio Ferrua. 260 $aRoma :$bMarietti,$c1968. 300 $a100 p. :$bill. ;$c17 cm. 490 0 $aLe chiese di Roma illustrate ;$v99 830 3$aLe chiese di Roma illustrate ;$v99.$0(OLS)http://semarc/title/19605 850 $aSeMil 852 $aSeMil$W1$xVenegono$y1$m5R I 97$j147930$B147930$CSeMilBibl$Z2$F169039 $81 961 $aOmaggio: Altro 996 $6245$aS. Sebastiano F. L. M. e la sua catacomba$9(OLS)http://semarc/title/284986 996 $6260$aRoma :$bMarietti$9(OLS)http://semarc/publisher/32344 LEADER 00824nam a2200229 i 4500 001 000000073660 003 CaOOAMICUS 005 20250827101752.0 008 131022s1850 xx u000 u fre u 013 $a44832 040 $aSeMil$bita 100 1 $aMartinet, Antoine <1802-1874>.$0(OLS)http://semarc/name/3080 245 13$aLe réveil du peuple /$cpar Platon-Polinchinelle. 260 $aParis :$bLecoffre et C.,$c1850$f(Impr. par E. Thunot et Cie) 300 $a265 p. ;$c16 cm. 850 $aSeMil 852 $aSeMil$W1$xVenegono$y1$m2R I 113 FA$j39812$B39812$CSeMilBibl$Z2$F39816 $8I 941 1 $a10 961 $aRecupero: Mantegazza 996 $6245$aLe réveil du peuple$9(OLS)http://semarc/title/118942 996 $6260$aParis :$bLecoffre et C.$9(OLS)http://semarc/publisher/37048